00218nam a2200073 4500100003700000245007100037260002900108300000700137 aPerera,Hnsani kawshika Withanage apH Sensitive And Metallochromic Indicators From Waste Plant Matter aRajagiriyabIchemcc2018 a43